Ecología para todos / (Registro nro. 37514)
[ vista simple ]
| 000 -CABECERA | |
|---|---|
| campo de control de longitud fija | 00638nam a2200205 a 4500 |
| 001 - NÚMERO DE CONTROL | |
| campo de control | 000038024 |
| 003 - IDENTIFICADOR DEL NÚMERO DE CONTROL | |
| campo de control | OSt |
| 005 - FECHA Y HORA DE LA ÚLTIMA TRANSACCIÓN | |
| campo de control | 20201111132047.0 |
| 008 - DATOS DE LONGITUD FIJA--INFORMACIÓN GENERAL | |
| campo de control de longitud fija | 130312s2003 dr a 000 0 spa d |
| 020 ## - NÚMERO INTERNACIONAL ESTÁNDAR DEL LIBRO | |
| Número Internacional Estándar del Libro | 9993497304 |
| 040 ## - FUENTE DE LA CATALOGACIÓN | |
| Centro catalogador/agencia de origen | DO-SdBNP |
| Lengua de catalogación | spa |
| Centro/agencia transcriptor | BNPHU |
| 100 1# - ENTRADA PRINCIPAL--NOMBRE DE PERSONA | |
| Nombre de persona | Estrella Veloz, Santiago |
| 9 (RLIN) | 28982 |
| Fechas asociadas al nombre | 1942- |
| 245 10 - MENCIÓN DE TÍTULO | |
| Título | Ecología para todos / |
| Mención de responsabilidad, etc. | Santiago Estrella Veloz. |
| 260 ## - PUBLICACIÓN, DISTRIBUCIÓN, ETC. | |
| Lugar de publicación, distribución, etc. | Santo Domingo : |
| Nombre del editor, distribuidor, etc. | De Luxe, |
| Fecha de publicación, distribución, etc. | 2003. |
| 300 ## - DESCRIPCIÓN FÍSICA | |
| Extensión | 196 p. : |
| Otras características físicas | ils. ; |
| Dimensiones | 22 cm. |
| 500 ## - NOTA GENERAL | |
| Nota general | Incluye datos biográficos del autor en la solapa de la cubierta |
| 504 ## - NOTA DE BIBLIOGRAFÍA, ETC. | |
| Nota de bibliografía, etc. | Bibliografía : p. 190-193 |
| 590 ## - NOTA LOCAL (RLIN) | |
| Nota local | Inventariado, 2020 /LP |
| 942 ## - ELEMENTOS DE PUNTO DE ACCESO ADICIONAL (KOHA) | |
| Fuente del sistema de clasificación o colocación | Dewey Decimal Classification |
| Tipo de ítem Koha | Libro |
| Estado de retiro | Estado de pérdida | Fuente del sistema de clasificación o colocación | Restricciones de uso | No para préstamo | Código de colección | Localización permanente | Ubicación/localización actual | Ubicación en estantería | Fecha de adquisición | Fuente de adquisición | Número de inventario | Total de préstamos | Código de barras | Fecha visto por última vez | Precio válido a partir de | Tipo de ítem Koha | Número de copia |
|---|---|---|---|---|---|---|---|---|---|---|---|---|---|---|---|---|---|
| Dewey Decimal Classification | Excluido de préstamo | Excluido de préstamo | Patrimonio Dominicano | Biblioteca Nacional Pedro Henríquez Ureña | Patrimonio Dominicano | Depósito | 12.03.2013 | FUNDI | LF1 | 38024-10 | 25.06.2020 | 25.06.2020 | Libro y Folleto Colección Patrimonio Dominicano | ||||
| Dewey Decimal Classification | Excluido de préstamo | Préstamo restrigido | Patrimonio Dominicano | Biblioteca Nacional Pedro Henríquez Ureña | Patrimonio Dominicano | Depósito | 09.09.2013 | FUNDI | LF1 | 38024-20 | 25.06.2020 | 25.06.2020 | Libro y Folleto Colección Patrimonio Dominicano | e. 2 | |||
| Dewey Decimal Classification | Préstamo en sala | Monografías: Libros y Folletos | Biblioteca Nacional Pedro Henríquez Ureña | Patrimonio Dominicano | Depósito | 11.11.2020 | Donado por Saturnina Núñez | 11.11.2020 | 11.11.2020 | Libro | e. 3 |
